书目信息 |
| 题名: |
大学化学实验3测试实验与技术
|
|
| 作者: | 王风云 主编 | |
| 分册: | ||
| 出版信息: | 北京 化学工业出版社 2007.09 |
|
| 页数: | 187页 | |
| 开本: | 26cm | |
| 丛书名: | 基础化学实验教学示范中心建设系列教材 | |
| 单 册: | ||
| 中图分类: | O6-3 | |
| 科图分类: | ||
| 主题词: | 化学实验--hua xue shi yan--高等学校--教材 | |
| 电子资源: | ||
| ISBN: | 978-7-122-00995-1 | |
| 000 | 01049nam 2200265 450 | |
| 001 | 012008331331 | |
| 005 | 20080126163005.67 | |
| 010 | @a978-7-122-00995-1@dCNY19.80 | |
| 100 | @a20080126d2007 em y0chiy0120 ea | |
| 101 | 0 | @achi |
| 102 | @aCN@b110000 | |
| 105 | @aa a 000yy | |
| 106 | @ar | |
| 200 | 1 | @a大学化学实验3测试实验与技术@Ada xue hua xue shi yan 3 ce shi shi yan yu ji shu@f王风云主编@Fwang feng yun zhu bian |
| 210 | @a北京@c化学工业出版社@d2007.09 | |
| 215 | @a187页@c图@d26cm | |
| 225 | 2 | @a基础化学实验教学示范中心建设系列教材@Aji chu hua xue shi yan jiao xue shi fan zhong xin jian she xi lie jiao cai |
| 320 | @a有书目 (第180页) | |
| 330 | @a本册教材以经典化学实验中的仪器分析实验和物理化学实验为基础,分仪器性能评价、物质的含量测定、基本物质物性、热力学性质的测定等。 | |
| 410 | 0 | @12001 @a基础化学实验教学示范中心建设系列教材 |
| 606 | 0 | @a化学实验@Ahua xue shi yan@x高等学校@j教材 |
| 690 | @aO6-3@v4 | |
| 701 | 0 | @a王风云@Awang feng yun@4主编 |
| 801 | 0 | @aCN@bQSSK@c20080126 |
| 905 | @b280795-97@dO6-3@eW178@f3 | |
| 大学化学实验3测试实验与技术/王风云主编.-北京:化学工业出版社,2007.09 |
| 187页:图;26cm.-(基础化学实验教学示范中心建设系列教材) |
| ISBN 978-7-122-00995-1:CNY19.80 |
| 本册教材以经典化学实验中的仪器分析实验和物理化学实验为基础,分仪器性能评价、物质的含量测定、基本物质物性、热力学性质的测定等。 |
| ● |
| 相关链接 |
|
|
|
正题名:大学化学实验3测试实验与技术
索取号:O6-3/W178
 
预约/预借
| 序号 | 登录号 | 条形码 | 馆藏地/架位号 | 状态 | 备注 |
| 1 | 280795 | 202807953 | 自科库401/401自科库 60排6列5层/ [索取号:O6-3/W178] | 在馆 | |
| 2 | 280796 | 202807962 | 自科库401/401自科库 60排6列5层/ [索取号:O6-3/W178] | 在馆 | |
| 3 | 280797 | 202807971 | 自科库401/401自科库 60排6列5层/ [索取号:O6-3/W178] | 在馆 |